000 01347 a2200385 4500
999 _c71395
_d19784
001 71395
003 TR-AnTOB
005 20250407090932.0
008 080730s1983 tu 00000 tur
040 _aTR-AnTOB
_cTR-AnTOB
041 _atur
050 _aDR590
_b.A733 1983
090 _aDR590 .A733 1983
100 1 _aArcayürek, Cüneyt,
_d1928-2015
_98490
245 0 _aYeni iktidar, yeni dönem /
_cCüneyt Arcayürek.
246 3 _aYeni iktidar yeni dönem:
_b1951-1954.
264 1 _aAnkara:
_bBilgi,
_c1983.
300 _a278 s.:
_bres.;
_c20 cm.
336 _2rdacontent
_atext
_btxt
337 _2rdamedia
_aunmediated
_bn
338 _2rdacarrier
_avolume
_bnc
490 0 _aBilgi yayınları/Bilgi Dizisi ;
_v33
_aCüneyt Arcayürek Açıklıyor ;
_v2
590 _aSn. Celil Güngör tarafından bağışlanmıştır.
600 _aMenderes, Adnan,
_d1899-1961
_xSiyasi ve sosyal görüşler
_945904
600 _aMenderes, Adnan,
_d1899-1961
_xPolitical and social views
_945905
650 7 _aSiyasal partiler
_zTürkiye
_2etuturkob
_945613
650 0 _aPolitical parties
_zTurkey
_911610
651 0 _aTurkey
_xPolitics and government
_y1918-1960
_999522
651 0 _aTürkiye
_xSiyaset ve yönetim
_y1918-1960
_986916
902 _a0024556
903 _aMerkez Kütüphane
942 _cBK
_2lcc
945 _aAY.BS